Romanian Adjectives - Statistics

General Stats
  • This quiz has been taken 46 times
    9 since last reset
  • The average score is 80 of 500
Answer Stats
Română English % Correct
Incapabil/Incapabilă (also unable) Incapable
100%
Metalic/Metalică Metallic
100%
Vechi/Veche/Bătrân/Bătrână (people) Old
100%
Absent/Absentă Absent
50%
Activ/Activă Active
50%
Anonim/Anonimă Anonymous
50%
Orice/Oricare Any
50%
Potrivit/Potrivită (also suitable) Appropriate
50%
Artificial/Artificială Artificial
50%
Atent/Atentă Attentive
50%
Atractiv/Atractivă Attractive
50%
Autentic/Autentică Authentic
50%
Automat/Automată Automatic
50%
Frumos/Frumoasă (also nice) Beautiful
50%
Mare Big
50%
Capabil/Capabilă (also able) Capable
50%
Casual/Casuală Casual
50%
Ieftin/Ieftină Cheap
50%
Colorat/Colorată Colourful
50%
Competent/Competentă Competent
50%
Complet/Completă Complete
50%
Complex/Complexă Complex
50%
Complicat/Complicată Complicated
50%
Confuz/Confuză/Derutant/Derutantă Confusing
50%
Conservator/Conservatoare Conservative
50%
Controversat/Controversată Controversial
50%
Corect/Corectă Correct
50%
Creativ/Creativă Creative
50%
Crucial/Crucială Crucial
50%
Mort/Moartă Dead
50%
Decent/Decentă Decent
50%
Defensiv/Defensivă Defensive
50%
Delicat/Delicată Delicate
50%
Dependent/Dependentă Dependent
50%
Devastator/Devastatoare Devastating
50%
Diferit/Diferită Different
50%
Dificil/Dificilă Difficult
50%
Dezgustător/Dezgustătoare Disgusting
50%
Dublu/Dublă Double
50%
Timpuriu/Timpurie Early
50%
Elastic/Elastică Elastic
50%
Electric/Electrică Electric
50%
Elegant/Elegantă Elegant
50%
Enorm/Enormă (also huge) Enormous
50%
Esențial/Esențială Essential
50%
Excelent/Excelentă Excellent
50%
Exotic/Exotică Exotic
50%
Scump/Scumpă Expensive
50%
Extrem/Extremă Extreme
50%
Familiar/Familiară Familiar
50%
Fantastic/Fantastică Fantastic
50%
Fascinant/Fascinantă Fascinating
50%
Gras/Grasă Fat
50%
Puțin/Puțină/Câțiva/Câteva Few
50%
Prim/Prima First
50%
Norocos/Norocoasă (also lucky) Fortunate
50%
Uriaș/Uriașă (also huge) Giant
50%
Bun/Bună Good
50%
Grafic/Grafică Graphic
50%
Imobil/Imobilă Immobile
50%
Impresionant/Impresionantă Impressive
50%
Inexact/Inexactă (also inexact) Inaccurate
50%
Inactiv/Inactivă Inactive
50%
Incompetent/Incompetentă Incompetent
50%
Incomplet/Incompletă Incomplete
50%
Inconvenient/Inconvenientă Inconvenient
50%
Independent/Independentă Independent
50%
Influent/Influentă Influential
50%
Inteligent/Inteligentă (also smart) Intelligent
50%
Interesant/Interesantă Interesting
50%
Intimidant/Intimidantă Intimidating
50%
Invaziv/Invazivă Invasive
50%
Irelevant/Irelevantă Irrelevant
50%
Târziu Late
50%
Local/Locală Local
50%
Lung/Lungă/Îndelungat/Îndelungată Long
50%
Magic/Magică Magical
50%
Magnific/Magnifică Magnificent
50%
Majoritar/Majoritară Majority
50%
Manual/Manuală Manual
50%
Matur/Matură Mature
50%
Minim/Minimă Minimum
50%
Minoritar/Minorită Minority
50%
Moderat/Moderată Moderate
50%
Modern/Modernă Modern
50%
Multicolor/Multicoloră Multicoloured
50%
Muzical/Muzicală/De muzică Musical
50%
Misterios/Misterioasă Mysterious
50%
Nud/Nudă Naked
50%
Nativ/Nativă Native
50%
Natural/Naturală Natural
50%
Neutru/Neutră Neutral
50%
Nou/Nouă New
50%
Amorțit/Amorțită Numb
50%
Oprit/Oprită (also stopped) Off
50%
Pornit/Pornită (also started) On
50%
Pe internet/On-line Online
50%
Opus/Opusă (also opposed) Opposite
50%
Opresiv/Opresivă/Asupritor/Asupritoare/Apăsător/Apăsătoare (also heavy) Oppressive
50%
Opțional/Opțională/Facultativ/Facultativă Optional
50%
Nostru/Noastră Our
50%
Parțial/Parțială Partial
50%
Răbdător/Răbdătoare Patient
50%
Perfect/Perfectă Perfect
50%
Permanent/Permanentă Permanent
50%
Persistent/Persistentă Persistent
50%
Popular/Populară Popular
50%
Potențial/Potențială Potential
50%
Practic/Practică Practical
50%
Insărcinată/Gravidă Pregnant
50%
Tare/Tare de tot Pretty
50%
Profesional/Profesională Professional
50%
Profund/Profundă Profound
50%
Protectiv/Protectivă/De protecție Protective
50%
Public/Publică Public
50%
Real/Reală Real
50%
Relativ/Relativă Relative
50%
Repetitiv/Repetitivă Repetitive
50%
Respectat/Respectată Respected
50%
Responsabil/Responsabilă Responsible
50%
Romantic/Romantică Romantic
50%
Grosolan/Grosolană Rude
50%
Rural/Rurală Rural
50%
Sacru/Sacră Sacred
50%
Scandalos/Scandaloasă (also outrageous) Scandalous
50%
Secret/Secretă Secret
50%
Scund/Scundă (height)/Scurt/Scurtă (time, length) Short
50%
Semnificativ/Semnificativă (also meaningful) Significant
50%
Simplu/Simplă Simple
50%
Sinistru/Sinistră Sinister
50%
Mic/Mică Small
50%
Social/Socială Social
50%
Specific/Specifică Specific
50%
Spectaculos/Spectaculoasă Spectacular
50%
Standard Standard
50%
Strict/Strictă Strict
50%
Stupid/Stupidă Stupid
50%
Superior/Superioară (also upper, higher, top) Superior
50%
Susținător/Susținătoare/De susținere/Suportiv/Suportivă Supportive
50%
Suspect/Suspectă/Suspicios/Suspicioasă Suspicious
50%
Dulce Sweet
50%
Înalt/Înaltă (also high) Tall
50%
Gustos/Gustoasă Tasty
50%
Temporar/Temporară Temporary
50%
Subțire Thin
50%
Toxic/Toxică Toxic
50%
Tropical/Tropicală Tropical
50%
Neatractiv/Neatractivă Unattractive
50%
Neconfirmat/Neconfirmată Unconfirmed
50%
Nenorocos/Nenorocoasă (also unlucky) Unfortunate
50%
Neintenționat/Neintenționată (also unintended) Unintentional
50%
Neinteresant/Neinteresantă Uninteresting
50%
Unic/Unică Unique
50%
Nenecesar/Nenecesară Unnecessary
50%
Urban/Urbană Urban
50%
Valid/Validă/Valabil/Valabilă Valid
50%
Tânăr/Tânără Young
50%
Abandonat/Abandonată Abandoned
0%
Abuziv/Abuzivă Abusive
0%
Adictiv/Adictivă Addictive
0%
Adecvat/Adecvată (also proper, suitable, appropriate) Adequate
0%
Avansat/Avansată Advanced
0%
Afectuos/Afectuoasă Affectionate
0%
Agresiv/Agresivă Aggressive
0%
Viu/Vie/În viață Alive
0%
Alergic/Alergică Allergic
0%
Singur/Singură (also single) Alone
0%
De rezervă (also backup, spare) Alternate
0%
Uimitor/Uimitoare Amazing
0%
Ambiguu/Ambiguă Ambiguous
0%
Amuzant/Amuzantă Amusing
0%
Antic/Antică/Străvechi/Străveche Ancient
0%
Animat/Animată Animated
0%
Înarmat/Înarmată Armed
0%
Arestat/Arestată Arrested
0%
Rușinat/Rușinată Ashamed
0%
Adormit/Adormită Asleep
0%
Autorizat/Autorizată Authorized
0%
Disponibil/Disponibilă Available
0%
Mediu/Medie Average
0%
Treaz/Trează Awake
0%
Rău/Rea Bad
0%
Copt/Coaptă (also ripe) Baked
0%
Gol/Goală (also empty, naked) Bare
0%
De bază Basic
0%
Verosimil/Verosimilă (also plausible) Believable
0%
Iubit/Iubită Beloved
0%
Amar/Amară Bitter
0%
Blocat/Blocată Blocked
0%
Sângeros/Sângeroasă/Însângerat/Însângerată Bloody
0%
Fiert/Fiartă Boiled
0%
Plictisitor/Plictisitoare Boring
0%
Brav/Bravă Brave
0%
Strălucitor/Strălucitoare (also brilliant, shiny) Bright
0%
Rupt/Ruptă/Spart/Spartă Broken
0%
Ocupat/Ocupată Busy
0%
Capturat/Capturată Captured
0%
Prins/Prinsă Caught
0%
Cenzurat/Cenzurată Censored
0%
Schimbat/Schimbată Changed
0%
Cronic/Cronică Chronic
0%
Clasic/Clasică Classic
0%
Curat/Curată Clean
0%
Neîndemânatic/Neîndemânatică Clumsy
0%
Combinat/Combinată Combined
0%
Compătimitor/Compătimitoare/Compasiv/Compasivă Compassionate
0%
Competitiv/Competitivă/Concurențial/Concurențială Competitive
0%
Confidențial/Confidențială Confidential
0%
Confirmat/Confirmată Confirmed
0%
Consecvent/Consecventă Consistent
0%
Conține/Conțin Contains
0%
Convenabil/Convenabilă Convenient
0%
Gătit/Gătită Cooked
0%
Corupt/Coruptă Corrupt
0%
Critic/Critică Critical
0%
Crocant/Crocantă Crunchy
0%
Curios/Curioasă Curious
0%
Drăguț/Drăguță (also nice, kind) Cute
0%
Periculos/Periculoasă/Primejdios/Primejdioasă Dangerous
0%
Întunecat/Întunecată/Închis/Închisă (colours) Dark
0%
Mortal/Mortală (also mortal) Deadly
0%
Amăgitor/Amăgitoare Deceptive
0%
Dedicat/Dedicată Dedicated
0%
Adânc/Adâncă Deep
0%
Delicios/Delicioasă Delicious
0%
Deprimant/Deprimantă Depressing
0%
Descris/Descrisă Described
0%
Destinat/Destinată Destined
0%
Distrus/Distrusă Destroyed
0%
Murdar/Murdară Dirty
0%
Dizabil/Dizabilă/Cu dizabilități Disabled
0%
Dezamăgit/Dezamăgită Disappointed
0%
Dezarmat/Dezarmată Disarmed
0%
Descoperit/Descoperită Discovered
0%
Necinstit/Necinstită Dishonest
0%
Jetabil/Jetabilă/De unică folosință Disposable
0%
Distinct/Distinctă Distinct
0%
Divers/Diversă Diverse
0%
Divizat/Divizată Divided
0%
Divin/Divină Divine
0%
Domestic/Domestică Domestic
0%
Aplecat/Aplecată (also bent-down) Down
0%
Uscat/Uscată/Sec/Seacă Dry
0%
Scadent/Scadentă Due
0%
Neascuțit/Neascuțită/Tocit/Tocită Dull
0%
Disfuncțional/Disfuncțională Dysfunctional
0%
Fiecare (also every) Each
0%
Ușor/Ușoară/Facil/Facilă Easy
0%
Educat/Educată Educated
0%
Educativ/Educativă/Educațional/Educațională Educational
0%
Eficace Effective
0%
Ales/Aleasă (also chosen) Elected
0%
Jenat/Jenată/Stânjenit/Stânjenită Embarrassed
0%
Emoțional/Emoțională Emotional
0%
Vid/Vidă Empty
0%
Activat/Activată (also activated) Enabled
0%
Destul/Destulă/De-ajuns Enough
0%
Egal/Egală Equal
0%
Exclus/Exclusă Excluded
0%
Executat/Executată Executed
0%
Așteptat/Așteptată (also waited) Expected
0%
Expirat/Expirată Expired
0%
Credincios/Credincioasă/Fidel/Fidelă Faithful
0%
Fals/Falsă False
0%
Faimos/Faimoasă Famous
0%
De lux Fancy
0%
Rapid/Rapidă Fast
0%
Favorit/Favorită Favourite
0%
Fioros/Fioroasă/Aprig/Aprigă Fierce
0%
Filtrat/Filtrată Filtered
0%
Plat/Plată Flat
0%
Prost/Prostesc/Proastă/Prostească Foolish
0%
Interzis/Interzisă (also prohibited, banned) Forbidden
0%
Străin/Străină Foreign
0%
Uitat/Uitată Forgotten
0%
Fost/Fostă Former
0%
Fragil/Fragilă Fragile
0%
Liber/Liberă/Gratuit/Gratuită (money) Free
0%
Proaspăt/Proaspătă Fresh
0%
Prăjit/Prăjită Fried
0%
Prietenos/Prietenoasă/Amical/Amicală Friendly
0%
Congelat/Congelată (food)/Înghețat/Înghețată (weather) Frozen
0%
Distractiv/Distractivă Fun
0%
Plecat/Plecată (also left) Gone
0%
Recunoscător/Recunoscătoare Grateful
0%
Grozav/Grozavă/Măreț/Măreață Great
0%
Lacom/Lacomă/Ahtiat/Ahtiată Greedy
0%
La grătar Grilled
0%
Garantat/Garantată Guaranteed
0%
Ghicit/Ghicită Guessed
0%
Vinovat/Vinovată Guilty
0%
Fără păr/Lipsit de păr Hairless
0%
Păros/Paroasă Hairy
0%
Pe jumătate Half
0%
Chipeș Handsome
0%
Dur/Dură (also tough, harsh, rough) Hard
0%
Dăunător/Dăunătoare (also damaging) Harmful
0%
Inofensiv/Inofensivă/Nepericulos/Nepericuloasă Harmless
0%
Urăcios/Urâcioasă Hateful
0%
Sănătos/Sănătoasă Healthy
0%
Încălzit/Încălzită Heated
0%
Greu/Grea Heavy
0%
Ascuns/Ascunsă Hidden
0%
Ridicat/Ridicată (also raised) High
0%
Scobit/Scobită Hollow
0%
Sfânt/Sfântă Holy
0%
Fără adăpost/Fără locuință/Lipsit de cămin Homeless
0%
Cinstit/Cinstită/Onest/Onestă Honest
0%
Plin de speranță/Plină de speranță/Plin de speranțios/Plină de speranțioasă Hopeful
0%
Fără speranță Hopeless
0%
Umil/Umilă Humble
0%
Umilit/Umilită Humiliated
0%
Flămând/Flămândă Hungry
0%
Nerăbdător/Nerăbdătoare (also anxious) Impatient
0%
Imperfect/Imperfectă Imperfect
0%
Important/Importantă Important
0%
Imposibil/Imposibilă Impossible
0%
Imprudent/Imprudentă Imprudent
0%
Nepotrivit/Nepotrivită Inappropriate
0%
Neatent/Neatentă Inattentive
0%
Inclus/Inclusă Included
0%
Inconsecvent/Inconsecventă Inconsistent
0%
Incorect/Incorectă Incorrect
0%
Interior/Interioară/De interior Indoor
0%
Ineficace Ineffective
0%
Inferior/Inferioară (also below, lower, bottom) Inferior
0%
Infinit/Infinită Infinite
0%
Inițial/Inițială Initial
0%
Inocent/Inocentă/Nevinovat/Nevinovată Innocent
0%
Nesemnificativ/Nesemnificativă Insignificant
0%
Intens/Intensă Intense
0%
Intențional/Intențională Intentional
0%
Interactiv/Interactivă Interactive
0%
Internațional/Internațională International
0%
Intim/Intimă Intimate
0%
Nevalid/Nevalidă/Invalid/Invalidă Invalid
0%
Ironic/Ironică Ironic
0%
Iresponsabil/Iresponsabilă Irresponsible
0%
Zemos/Zemoasă/Plin(ă) de suc Juicy
0%
Ucis/Ucisă/Omorât/Omorâtă Killed
0%
Ultim/Ultimă Last
0%
De durată Lasting
0%
Leneș/Leneșă/Trândav/Trândavă Lazy
0%
Stâng/Stângă Left
0%
Singuratic/Singuratică Lonely
0%
Lejere/Lejeră Loose
0%
Tare (also hard, cool) Loud
0%
Scăzut/Scăzută Low
0%
Loial/Loială Loyal
0%
Cu noroc Lucky
0%
Obligatoriu/Obligatorie Mandatory
0%
Masiv/Masivă Massive
0%
Maxim/Maximă Maximum
0%
Fără semnificație Meaningless
0%
Topit/Topită (also molten) Melted
0%
Blând/Blândă (also kind, gentle) Mild
0%
Militar/Militară/De armată Military
0%
Înșelător/Înșelătoare Misleading
0%
Neînțeles/Neînțeleasă Misunderstood
0%
Amestecat/Amestecată/Mixt/Mixtă Mixed
0%
Mobil/Mobilă Mobile
0%
Naiv/Naivă Naive
0%
Îngust/Îngustă Narrow
0%
Național/Națională National
0%
Necesar/Necesară Necessary
0%
Următor/Următoare Next
0%
Obscur/Obscură Obscure
0%
Ofensator/Ofensatoare/Ofensiv/Ofensivă (sports/military) Offensive
0%
Oficial/Oficială Official
0%
Fără conexiune/Offline Offline
0%
Doar/Numai (also just) Only
0%
Alt/Altă (also another) Other
0%
Exterior/Exterioară/De exterior/În aer liber Outdoor
0%
Propriu/Proprie Own
0%
Dureros/Dureroasă Painful
0%
Jalnic/Jalnică (also lame) Pathetic
0%
Pașnic/Pașnică Peaceful
0%
Fără ornamente/Neornamentat/Neornamentată Plain
0%
De plastic/Plastic/Plastică Plastic
0%
Politicos/Politicoasă Polite
0%
Sărac/Săracă Poor
0%
Posibil/Posibilă Possible
0%
Puternic/Puternică (also strong) Powerful
0%
Previzibil/Previzibilă Predictable
0%
De premieră Premier
0%
Pregătit/Pregătită (also ready) Prepared
0%
Neprețuit/Neprețuită/De neprețuit Priceless
0%
Privat/Privată Private
0%
Mândru/Mândră Proud
0%
Dovedit/Dovedită Proven
0%
Pur/Pură Pure
0%
Calificat/Calificată Qualified
0%
Liniștit/Liniștită Quiet
0%
Aleator/Aleatoriu/Aleatoare Random
0%
Crud/Crudă (also crude, cruel) Raw
0%
Gata Ready
0%
Recent/Recentă Recent
0%
Răcoritor/Răcoritoare Refreshing
0%
Înrudit/Înrudită Related
0%
Relevant/Relevantă Relevant
0%
Îndepărtat/Îndepărtată (also removed) Remote
0%
Restricționat/Restricționată Restricted
0%
Reunit/Reunită/Reîntâlnit/Reîntâlnită Reunited
0%
Bogat/Bogată Rich
0%
Fript/Friptă Roasted
0%
Stricat/Stricată (also ruined, broken) Rotten
0%
Aspru/Aspră (also harsh) Rough
0%
Grăbit/Grăbită Rushed
0%
Sigur/Sigură (also secure) Safe
0%
Sărat/Sărată Salty
0%
Același/Aceeași Same
0%
Înfricoșător/Înfricoșătoare Scary
0%
Nimicitor/Nimicitoare Scathing
0%
Egoist/Egoistă Selfish
0%
Dezinteresat/Dezinteresată Selfless
0%
Sensibil/Sensibilă (also sensible) Sensitive
0%
Sever/Severă/Grav/Gravă Severe
0%
Puțin adânc/Puțin adâncă/Neprofund/Neprofundă Shallow
0%
Ascuțit/Ascuțită/Tăios/Tăioasă Sharp
0%
Asemănător/Asemănătoare (also alike)/Similar/Similară Similar
0%
Alunecos/Alunecoasă Slippery
0%
Lent/Lentă Slow
0%
Moale Soft
0%
Vândut/Vândută Sold
0%
Solitar/Solitară Solitary
0%
Niște/Un anumit/O anumită (also few, certain)/Un oarecare/O oarecare (also an, certain) Some
0%
Acru/Acră/Acrișor/Acrișoară Sour
0%
Deosebit/Deosebită/Special/Specială Special
0%
Picant/Picantă/Iute (also fast) Spicy
0%
Aburit/Aburită/Fiert la abur/Fiartă la abur Steamed
0%
Lipicios/Lipicioasă Sticky
0%
Nemișcat/Nemișcată (also motionless) Still
0%
Drept/Dreaptă (also right) Straight
0%
Voinic/Voinică (also sturdy, hefty) Strong
0%
Îmblânzit/Îmblânzită Tame
0%
Tandru/Tandră Tender
0%
Teribil/Teribilă Terrible
0%
Gros/Grosă Thick
0%
Însetat/Însetată Thirsty
0%
Amenințător/Amenințătoare (also meanacing) Threatening
0%
Strâns/Strânsă/Strâmt/Strâmtă (spaces, objects)/Mulat/Mulată (clothing) Tight
0%
Temporizat/Temporizată/Cronometrat/Cronometrată Timed
0%
Mititel/Mititelă/Mărunt/Măruntă (also small, fine) Tiny
0%
Sfâșiat/Sfâșiată (also ripped) Torn
0%
Atins/Atinsă Touched
0%
Tradițional/Tradițională Traditional
0%
Tragic/Tragică Tragic
0%
Antrenat/Antrenată Trained
0%
Călătorit/Călătorită Travelled
0%
Triplu/Triplă Triple
0%
Adevărat/Adevărată True
0%
Întors/Întoarsă (also returned) Turned
0%
Urât/Urâtă (also hated, bad) Ugly
0%
Neautorizat/Neautorizată Unauthorized
0%
Indisponibil/Indisponibilă Unavailable
0%
Incredibil/Incredibilă (also incredible) Unbelievable
0%
Deblocat/Deblocată Unblocked
0%
Necenzurat/Necenzurată Uncensored
0%
Neschimbat/Neschimbată Unchanged
0%
Subacvatic/Subacvatică/Sub apă Underwater
0%
Nedescoperit/Nedescoperită Undiscovered
0%
Needucat/Needucată Uneducated
0%
Neexcitabil/Neexcitabilă Unexcitable
0%
Neașteptat/Neașteptată Unexpected
0%
Nedrept/Nedreaptă Unfair
0%
Nefamiliar/Nefamiliară Unfamiliar
0%
Nerecunoscător/Nerecunoscătoare Ungrateful
0%
Nesănătos/Nesănătoasă Unhealthy
0%
Neimportant/Neimportantă Unimportant
0%
Neimpresionant/Neimpresionantă Unimpressive
0%
Unit/Unită (also joined, together) United
0%
Ghinionist/Ghinionistă Unlucky
0%
Neoficial/Neoficială Unofficial
0%
Nepopular/Nepopulară Unpopular
0%
Imprevizibil/Imprevizibilă Unpredictable
0%
Fără legătură/Neînrudit/Neînrudită Unrelated
0%
Nesusținut/Nesusținută/Fără sprijin/Fără suport Unsupported
0%
Necronometat/Necronometată Untimed
0%
Neatins/Neatinsă Untouched
0%
Neobișnuit/Neobișnuită (also uncommon) Unusual
0%
În sus Up
0%
Util/Utilă/Folositor/Folositoare Useful
0%
Inutil/Inutilă/Nefolositor/Nefolositoare Useless
0%
Obișnuit/Obișnuită (also ordinary, regular) Usual
0%
Vag/Vagă Vague
0%
Vanitos/Vanitoasă/Zadarnic/Zadarnică (also futile, useless) Vain
0%
Valoros/Valoroasă Valuable
0%
Veninos/Veninoasă Venomous
0%
Violent/Violentă Violent
0%
Vital/Vitală Vital
0%
Irosit/Irosită Wasted
0%
Slab/Slabă (also skinny) Weak
0%
Mers Went
0%
Ud/Udă Wet
0%
Lat/Lată/Larg/Largă Wide
0%
Sălbatic/Sălbatică (also savage) Wild
0%
Înțelept/Înțeleaptă Wise
0%
Minunat/Minunată (also marvelous) Wonderful
0%
Fără valoare/Nevaloros/Nevaloroasă Worthless
0%
Greșit/Greșită Wrong
0%
No matching quizzes found
Score Distribution
Percent of People with Each Score
Percentile by Number Answered
Your Score History
You have not taken this quiz since the last reset